Dynamic analysis and failure modes of simple structures / (Record no. 1220)

000 -LEADER
fixed length control field 00437 a2200133 4500
020 ## - INTERNATIONAL STANDARD BOOK NUMBER
International Standard Book Number 0471635057
082 ## - DEWEY DECIMAL CLASSIFICATION NUMBER
Classification number 624.171 SCH
100 ## - MAIN ENTRY--PERSONAL NAME
Personal name Schiff, Daniel,
245 ## - TITLE STATEMENT
Title Dynamic analysis and failure modes of simple structures /
Statement of responsibility, etc. Daniel Schiff.
260 ## - PUBLICATION, DISTRIBUTION, ETC.
Place of publication, distribution, etc. New York :
Name of publisher, distributor, etc. Wiley,
Date of publication, distribution, etc. 1990.
300 ## - PHYSICAL DESCRIPTION
Extent xiv, 354 p. :
Other physical details ill. ;
Dimensions 25 cm.
650 ## - SUBJECT ADDED ENTRY--TOPICAL TERM
Topical term or geographic name entry element Structural dynamics.
650 ## - SUBJECT ADDED ENTRY--TOPICAL TERM
Topical term or geographic name entry element Structural analysis (Engineering)
650 ## - SUBJECT ADDED ENTRY--TOPICAL TERM
Topical term or geographic name entry element Structural stability
General subdivision Mathematical models.
Holdings
Withdrawn status Lost status Damaged status Not for loan Permanent Location Current Location Shelving location Date acquired Total Checkouts Full call number Barcode Checked out Date last seen Date last checked out Price effective from Koha item type
        School of Civil and Environmental Engineering (SCEE) School of Civil and Environmental Engineering (SCEE)     1 624.171 SCH NIT-759 10/26/2019 09/26/2019 09/26/2019 01/05/2017 Book
© 2023 Central Library, National University of Sciences and Technology. All Rights Reserved.